000 01221cam a2200277 4500
001 ABS64863
008 020114n2001 000 0 eng u
035 _a(Sirsi) u116276
100 _aBingham, T
245 _aGetting burnt
260 _c2001
490 _aBuilding
_v266(8213) 7 December 2001, 46-47(2)
520 _aConsiders the case "Bellfield Computer Services Ltd and E Turner & Sons Ltd v Horace D Watkins and Alan Best" in which the architect expert witness determined that the subcontractor had design expertise and therefore held responsibility for a faulty fire lining. Argues against this decision, claiming it is wrong to leave detailed design to a subcontractor without checking that the subcontractor's staff have formal qualifications in the appropriate area.
590 _aABS
650 _aDESIGN
650 _aEXPERTISE
650 _aQUALIFICATIONS
650 _aFIRE RESISTANCE
650 _aBELLFIELD COMPUTER SERVICES LTD AND E TURNER & SONS LTD V HORACE D WATKINS AND ALAN BEST
650 _aSUBCONTRACTORS
650 _aDISPUTE RESOLUTION
_96236
650 _aEXPERT WITNESS
_96239
650 _aARCHITECTS
690 _aBUILT ENVIRONMENT-CONSTRUCTION DESIGN
942 _n0
999 _c69264
_d69264